000 00544nam a2200229Ia 4500
003 0100
008 130227s9999 xx 000 0 und d
040 _cARRUPELIB
050 _aBF1412.G82 1971
100 _aGivry, Grillot
245 _aWitchcraft magic and alchemy
260 _aNew York
260 _bDover Publications
260 _C1971
300 _a394p.
300 _b 25cm.
650 _bPan-Africanism
650 _cAfrica--History
650 _dGhana--History
700 _aLocke, Courtenary J. tr.
942 _2lcc
_01
999 _c4427
_d4427